POLARIS (Remix) 1 - SAIKO, Quevedo, Feid, Mora - Statistics

General Stats
  • This quiz has been taken 161 times
  • The average score is 333 of 500
Answer Stats
Hint Answer % Correct
y
99%
Y
99%
me
97%
Me
97%
a
95%
Estribillo (SAIKO) A
95%
A,
95%
es
93%
en
92%
En
92%
que
92%
Que
92%
qué
92%
Verso (SAIKO)
92%
92%
tu
92%
no
89%
No
89%
Yo
89%
yo
89%
está
87%
mi
87%
87%
Polaris
86%
Polaris,
86%
te
86%
Te
86%
"te
86%
83%
se
83%
83%
82%
de
81%
De
81%
pa'
80%
Pa'
80%
lo
79%
guíe
78%
lugar
78%
na
78%
otro
78%
B
77%
esto
77%
Si
77%
77%
si
77%
estás
76%
ni
75%
pero
75%
Pero
75%
por
75%
Por
75%
un
75%
el
74%
él
74%
la
74%
La
74%
estoy
73%
con
72%
le
72%
Ma'
71%
ma',
71%
otra
71%
Quiero
71%
quiero
71%
ganas,
69%
ganas
69%
da
68%
hasta
68%
kilómetro
67%
llegar
67%
recordar
67%
Can-Am
66%
ciudad
66%
entiendo
66%
Medallo
66%
par
66%
plan
66%
van
66%
Cuando
64%
cuando
64%
eres
64%
somos
64%
decir
63%
sin
63%
empecé
62%
fan
61%
ya
61%
llego
60%
querrá,
60%
tiene
60%
así
59%
diferente
59%
soy
59%
era
58%
eso
57%
man
57%
al
56%
Al
56%
aquí
56%
conté
56%
Mismas
56%
ninguna
56%
vez
56%
contigo
55%
diga
55%
doy
55%
entenderte
55%
kilómetros
55%
las
55%
metí
55%
nos
55%
hacemos
54%
quieres
54%
Verso (Quevedo) Hablándote
53%
siendo
53%
sincero,
53%
claro
52%
ese
52%
mirá'
51%
solo
51%
veces
51%
como
50%
Playa
50%
Porque
50%
tienes
50%
del
49%
felicidad
49%
pienso
49%
solas,
49%
solas
49%
contenta
48%
cuentas
48%
estamos
48%
lado
48%
pared
48%
baño"
47%
igual
47%
llora,
47%
llora
47%
Nadie
47%
nadie
47%
saber
47%
testigo
47%
Inglés
46%
piensa
46%
abajo
45%
cada
45%
caminar
45%
dime
45%
espero
45%
Estaba
45%
extrañas
45%
extraño
45%
imaginar
45%
toco
45%
tranquilita
45%
aire,
44%
Colombia
44%
Hoy
44%
prender
44%
siempre
44%
vas
44%
vio,
44%
dejas
43%
juro
43%
quién
43%
quién?
43%
años
42%
brillo
42%
dirección
42%
intentarlo?
42%
miedo,
42%
aquellos
41%
avión
41%
escuchando
41%
hacer
41%
mami,
41%
Mami,
41%
mami
41%
revivir
41%
amistad
40%
aunque
40%
Aunque
40%
rato
40%
verte
40%
estabilidad
39%
Myke
39%
También
39%
también
39%
tengo
39%
Towers
39%
usted
39%
Estar
38%
pelearnos
38%
piel
38%
puedes
38%
besé
37%
dañamos
37%
decías:
37%
experimentarlo
37%
final
37%
hizo
37%
mata,
37%
mundo
37%
negarle
37%
Parece
37%
recé
37%
tarde,
37%
allá
36%
centímetro
36%
Graná'
36%
alguien,
35%
confundo
35%
dentro
35%
follen
35%
llevas
35%
polvo
35%
sabes
35%
aguantarme
34%
decirle
34%
distancia
34%
noches
34%
tragos
34%
vea
34%
volverlo
34%
Bebé
33%
días
33%
enseñaste
33%
fue
33%
hablarnos
33%
muera,
33%
yeah
33%
cuántas
32%
duela,
32%
espaldas,
32%
esperé
32%
querer
32%
Todo
32%
¿Mejor
31%
ojitos
31%
enseñé
30%
miraste
30%
pase
30%
piensas
30%
bebíamos
29%
entre
29%
tiempo,
29%
todas
29%
veo
29%
entran
28%
pasaremos
28%
ahora
27%
renuncié
27%
dormiré
26%
reencontré
26%
sea
24%
maten
22%
escondido
21%
guaro,
20%
Verso (SAIKO) ¿Por
15%
No matching quizzes found
Score Distribution
Percent of People with Each Score
Percentile by Number Answered
Your Score History
You have not taken this quiz